000 00363 a2200085 4500
100 1 _aFrank, Hermann.
_eAutor
245 0 _aKontinuierliche Bestimmung von Korrelationsfunktionen bei nicht streng stationaeren Prozessen :
_bDissertation... /
_cFrank Hermann.
710 2 _aTechnische Hochschule.
_eWydawca
_4pbl
260 _aStuttgart :
_bTechnische Hochschule,
_c1965.
300 _a80 s.;
_c25 cm.
999 _c5384
_d5384